Top 12 Brooklyn Nets Players - Statistics

General Stats
  • This quiz has been taken 315 times
  • The average score is 5 of 12
Answer Stats
Rank Player Win Share % Correct
2 Jason Kidd 56.6
90%
3 Julius Erving 51.8
88%
5 Brook Lopez 49.6
81%
7 Vince Carter 43.6
67%
1 Buck Williams 62.8
66%
4 Richard Jefferson 50.6
48%
8 Derrick Coleman 35.9
37%
6 Kerry Kittles 44.6
27%
12 Bill Melchionni 27.9
10%
9 Billy Paultz 35.5
8%
11 Chris Morris 30.3
7%
10 Mike Gminski 34.4
7%
No matching quizzes found
Score Distribution
Percent of People with Each Score
Percentile by Number Answered
Your Score History
You have not taken this quiz